[Event "Skakligaen 2020-21"]
[Site "Denmark"]
[Date "2020.10.25"]
[Round "2.2"]
[White "Vasli, Aref"]
[Black "Friis, Carsten Bank"]
[Result "1-0"]
[WhiteElo "2384"]
[BlackElo "2203"]
[WhiteFideId "417521"]
[BlackFideId "1400495"]
[EventDate "2020.10.25"]
[EventType "team-tourn"]
[EventRounds "9"]
[EventCountry "DEN"]
[WhiteTeam "Bronshoj"]
[BlackTeam "Fredericia"]
[WhiteTeamCountry "DEN"]
[BlackTeamCountry "DEN"]

1. e4  c6  2. d4  d5
 3. exd5  cxd5  4. c4
 Nf6  5. Nc3  e6 
6. Nf3  Be7  7. a3  dxc4
 8. Bxc4  O-O  9. O-O
 a6  10. Ba2  b5 
11. Bg5  Bb7  12. Re1  Nc6
 13. Rc1  b4  14. axb4
 Nxb4  15. Bb1  Rc8
 16. Ne5  Nbd5  17. Qf3
 Ne8  18. Bxe7  Qxe7
 19. Nxd5  Bxd5  20. Bxh7+
 Kxh7  21. Qd3+  Kg8
 22. Rxc8  Qb7  23. Rec1
 Bxg2  24. f3  Bh3
 25. Qa3  Qd5  26. Qc5
 f6  27. Qxd5  exd5
 28. Ng6  Bxc8  29. Rxc8
  1-0

[Event "Skakligaen 2020-21"]
[Site "Denmark"]
[Date "2020.10.25"]
[Round "2.3"]
[White "Guindy, Esmat Susanne"]
[Black "Aabling Thomsen, Jakob"]
[Result "0-1"]
[WhiteElo "2131"]
[BlackElo "2349"]
[WhiteFideId "1401637"]
[BlackFideId "1407589"]
[EventDate "2020.10.25"]
[EventType "team-tourn"]
[EventRounds "9"]
[EventCountry "DEN"]
[WhiteTeam "Fredericia"]
[BlackTeam "Bronshoj"]
[WhiteTeamCountry "DEN"]
[BlackTeamCountry "DEN"]

1. Nf3  d6  2. d4  g6
 3. g3  Bg7  4. Bg2
 Nf6  5. O-O  O-O
 6. c4  Nbd7  7. Nc3
 e5  8. e4  exd4 
9. Nxd4  Re8  10. h3  Nc5
 11. Re1  a5  12. Kh2
 Bd7  13. f3  h5 
14. Be3  Kh7  15. Qd2  Ne6
 16. Rad1  Qc8  17. b3
 Ng8  18. Nd5  Ne7
 19. f4  a4  20. b4
 Nxd5  21. cxd5  Nxd4
 22. Bxd4  Re7  23. Bxg7
 Kxg7  24. Qd4+  Kg8
 25. Rc1  Bb5  26. Re3
 Qd7  27. e5  Qe8
 28. Rce1  Qf8  29. e6
 f5  30. Rc3  Qg7
 31. Qxg7+  Kxg7  32. Rec1
 Rc8  33. Kg1  Kf6
 34. h4  c6  35. dxc6
 bxc6  36. Bxc6  Rec7
 37. e7  Kxe7  38. Re1+
 Kf6  39. Bxb5  Rxc3
 40. Bxa4  Rxg3+  41. Kh2
 Rg4  42. Bb3  Rxh4+
 43. Kg3  Rg4+  44. Kh2
 Rxf4  45. Re6+  Kg5
 46. Rxd6  Rxb4   0-1

[Event "Skakligaen 2020-21"]
[Site "Denmark"]
[Date "2020.10.25"]
[Round "2.4"]
[White "Hoi, Carsten"]
[Black "Easwaralingam, Adesh"]
[Result "1-0"]
[WhiteElo "2343"]
[BlackElo "2110"]
[WhiteFideId "1400100"]
[BlackFideId "1448552"]
[EventDate "2020.10.25"]
[EventType "team-tourn"]
[EventRounds "9"]
[EventCountry "DEN"]
[WhiteTeam "Bronshoj"]
[BlackTeam "Fredericia"]
[WhiteTeamCountry "DEN"]
[BlackTeamCountry "DEN"]

1. c4  Nf6  2. d4  e6
 3. Nc3  Bb4  4. e3
 O-O  5. Bd3  d5 
6. Nge2  c5  7. O-O  cxd4
 8. exd4  dxc4  9. Bxc4
 Nc6  10. a3  Bd6
 11. h3  h6  12. Be3
 Ne7  13. Bd3  Ned5
 14. Bc2  Nxe3  15. fxe3
 e5  16. Qd3  g6 
17. Bb3  Kg7  18. Rf2  Nd7
 19. Rd1  exd4  20. Qxd4+
 Be5  21. Qc4  Qe7
 22. Rdf1  f5  23. Nd5
 Qc5  24. Qd3  Qd6
 25. Ndf4  Nc5  26. Qxd6
 Bxd6  27. Bd5  Ne4
 28. Bxe4  fxe4  29. Nd4
 Kh7  30. Nd5  Rxf2
 31. Rxf2  Kg7  32. Nf6
 Be5  33. Nxe4  Bd7
 34. Nc5  Bxd4  35. exd4
 Bc6  36. Ne6+  Kg8
 37. d5  Re8  38. dxc6
 Rxe6  39. cxb7  Rb6
 40. b4  Rxb7  41. Rf6
 Kg7  42. Ra6  Rf7
 43. g4  g5  44. Kg2
 Kh7  45. Kg3  Rc7
 46. b5  Kg7  47. a4
 Rd7  48. Kf3  Re7
 49. Rc6  Kh7  50. Rc3
 Kg6  51. a5  Rb7
 52. Rc6+  Kg7  53. b6
 axb6  54. axb6  Rf7+
 55. Ke4  Rf4+  56. Kd5
 Rb4  57. Rc7+  Kf6
 58. b7  Rb1  59. Kd6
 Rd1+  60. Kc6  Rb1
 61. Kd7   1-0

[Event "Skakligaen 2020-21"]
[Site "Denmark"]
[Date "2020.10.25"]
[Round "2.5"]
[White "Madsen, Michael B"]
[Black "Carstensen, Jacob"]
[Result "0-1"]
[WhiteElo "2046"]
[BlackElo "2350"]
[WhiteFideId "1413031"]
[BlackFideId "1404180"]
[EventDate "2020.10.25"]
[EventType "team-tourn"]
[EventRounds "9"]
[EventCountry "DEN"]
[WhiteTeam "Fredericia"]
[BlackTeam "Bronshoj"]
[WhiteTeamCountry "DEN"]
[BlackTeamCountry "DEN"]

1. d4  Nf6  2. c4  e6
 3. Nc3  Bb4  4. e3
 O-O  5. Bd3  d5 
6. cxd5  exd5  7. a3  Bxc3+
 8. bxc3  c5  9. Ne2
 c4  10. Bc2  Nc6
 11. O-O  Re8  12. Re1
 b5  13. f3  a5 
14. Rb1  Rb8  15. Ng3  h5
 16. e4  h4  17. e5
 hxg3  18. exf6  gxh2+
 19. Kh1  Be6  20. Bg5
 gxf6  21. Bh4  Qd6
 22. Qd2  Kg7  23. Qf2
 f5  24. Bg3  f4 
25. Bxh2  Rh8  26. Qd2  Rh4
 27. g3  Rh3  28. gxf4
 Rbh8  29. Re2  Rxf3
 30. Rg1+  Kf8  31. f5
 Bxf5  32. Qg5  Bg6
 33. Bxg6  Rfh3  34. Rgg2
 Qxg6   0-1

[Event "Skakligaen 2020-21"]
[Site "Denmark"]
[Date "2020.10.25"]
[Round "2.6"]
[White "Palm, Nikolaj"]
[Black "Ostergaard, Rasmus"]
[Result "1/2-1/2"]
[WhiteElo "2282"]
[BlackElo "2097"]
[WhiteFideId "1402145"]
[BlackFideId "1403400"]
[EventDate "2020.10.25"]
[EventType "team-tourn"]
[EventRounds "9"]
[EventCountry "DEN"]
[WhiteTeam "Bronshoj"]
[BlackTeam "Fredericia"]
[WhiteTeamCountry "DEN"]
[BlackTeamCountry "DEN"]

1. d4  Nf6  2. Nf3  g6
 3. e3  Bg7  4. c4
 O-O  5. Nc3  c5 
6. Be2  d5  7. O-O  cxd4
 8. exd4  Nc6  9. h3
 Bf5  10. Be3  dxc4
 11. Bxc4  Rc8  12. a3
 Ne4  13. Rc1  Nxc3
 14. bxc3  Na5  15. Ba2
 Nc4  16. Qe2  Qc7
 17. a4  Rfd8  18. Rfe1
 h6  19. Bb3  Na5
 20. Ba2  Nc4  21. Bb3
 Na5   1/2-1/2

[Event "Skakligaen 2020-21"]
[Site "Denmark"]
[Date "2020.10.25"]
[Round "2.7"]
[White "Sorensen, Lars Desmond"]
[Black "Laursen, Niels Norskov"]
[Result "0-1"]
[WhiteElo "2055"]
[BlackElo "2247"]
[WhiteFideId "1419439"]
[BlackFideId "1404709"]
[EventDate "2020.10.25"]
[EventType "team-tourn"]
[EventRounds "9"]
[EventCountry "DEN"]
[WhiteTeam "Fredericia"]
[BlackTeam "Bronshoj"]
[WhiteTeamCountry "DEN"]
[BlackTeamCountry "DEN"]

1. d4  Nf6  2. Nf3  g6
 3. g3  Bg7  4. Bg2
 O-O  5. O-O  d6 
6. c4  Nbd7  7. Nc3  e5
 8. Bg5  h6  9. dxe5
 hxg5  10. exf6  Bxf6
 11. Rc1  g4  12. Nd4
 a6  13. e3  Ne5 
14. Nd5  Bg7  15. Qb3  Rb8
 16. c5  c6  17. Nf4
 d5  18. Nd3  Nxd3
 19. Qxd3  Re8  20. Rfd1
 Bxd4  21. Qxd4  Bf5
 22. Qf4  Qf6  23. Qd4
 Qg5  24. Qf4  Qf6
 25. Qd4  Qg5  26. Qf4
 Qxf4  27. gxf4  Be4
 28. Rd4  Bxg2  29. Kxg2
 f5  30. h3  gxh3+
 31. Kxh3  Kf7  32. Kg3
 Rh8  33. Rb4  Ke6
 34. Rd1  Rh7  35. Rb6
 Kd7  36. Rd3  Kc7
 37. Rdb3  Rh1  38. Rc3
 Rbh8  39. Kf3  R8h7
 40. Rb4  Re1  41. Rcb3
 Kc8  42. Rc3  Re7
 43. Kg2  Rd1  44. a3
 Rd2  45. Kf1  Re4
 46. Rb6  d4  47. exd4
 Rxf4  48. Rh3  Rfxf2+
 49. Kg1  Rg2+  50. Kh1
 Rxb2  51. Rh8+  Kd7
 52. Rxb7+  Ke6  53. Rxb2
 Rxb2  54. Rd8  f4
 55. Rd6+  Kf5  56. Rxc6
 g5  57. Rxa6  Kg4
 58. Rg6  Rd2  59. c6
 Rxd4  60. c7  Rc4
 61. Rg7  Rc2  62. a4
 Kh4  63. Kg1  g4
 64. Kf1  Kg3  65. Rf7
 f3  66. Ke1  Kg2
 67. a5  Rxc7  68. Rxc7
 f2+  69. Kd2  f1=Q
 70. Rc2  g3  71. Kc3+
 Kh3   0-1

[Event "Skakligaen 2020-21"]
[Site "Denmark"]
[Date "2020.10.25"]
[Round "2.8"]
[White "Holmsgaard, Henrik"]
[Black "Jakobsen, Jonas Nybo"]
[Result "1-0"]
[WhiteElo "2213"]
[BlackElo "1928"]
[WhiteFideId "1400452"]
[BlackFideId "1446916"]
[EventDate "2020.10.25"]
[EventType "team-tourn"]
[EventRounds "9"]
[EventCountry "DEN"]
[WhiteTeam "Bronshoj"]
[BlackTeam "Fredericia"]
[WhiteTeamCountry "DEN"]
[BlackTeamCountry "DEN"]

1. e4  c5  2. c3  d5
 3. exd5  Nf6  4. Bb5+
 Nbd7  5. c4  a6 
6. Bxd7+  Bxd7  7. Nc3  e6
 8. dxe6  Bxe6  9. Qe2
 Be7  10. Nf3  Bf5
 11. Ne5  O-O  12. Qf3
 Bc8  13. O-O  Bd6
 14. Nd3  Bg4  15. Qe3
 Re8  16. Qg5  Bxh2+
 17. Kxh2  Qxd3  18. Kg1 Re6
 19. Qxc5  b6  20. Qc7
 Rae8  21. f3  Qd4+
 22. Kh2  Bxf3  23. d3
 Bxg2  24. Qf4  Qxf4+
 25. Rxf4  Bb7  26. d4
 Re1  27. d5  Nd7
 28. b3  Nc5  29. Rd4
 f6  30. Kg2  Kf7
 31. Kf2  h5  32. Bb2
 R1e3  33. Rad1  g5
 34. R1d2  h4  35. b4
 Nd7  36. Re2  Rxe2+
 37. Nxe2  Kg6  38. Ba3
 Ne5  39. c5  g4 
 1-0

[Event "Skakligaen 2020-21"]
[Site "Denmark"]
[Date "2020.10.25"]
[Round "2.1"]
[White "Thogersen, Rasmus"]
[Black "Hansen, Sune Berg"]
[Result "1-0"]
[WhiteElo "2293"]
[BlackElo "2557"]
[WhiteFideId "1431412"]
[BlackFideId "1400266"]
[EventDate "2020.10.25"]
[EventType "team-tourn"]
[EventRounds "9"]
[EventCountry "DEN"]
[WhiteTeam "SK1968"]
[BlackTeam "Hillerod"]
[WhiteTeamCountry "DEN"]
[BlackTeamCountry "DEN"]

1. e4  e5  2. Nf3  Nc6
 3. Bc4  Bc5  4. c3
 Nf6  5. d4  exd4
 6. e5  d5  7. Bb5
 Ne4  8. cxd4  Bb6
 9. Nc3  Bg4  10. Be3
 O-O  11. h3  Bh5
 12. Qc2  Bg6  13. Qb3
 Nxc3  14. Bxc6  bxc6
 15. Qxc3  f6  16. O-O
 Be4  17. Nd2  fxe5
 18. Nxe4  dxe4  19. dxe5
 Qd5  20. Rfd1  Qe6
 21. Re1  Bxe3  22. Rxe3
 Rf4  23. g3  Rf7
 24. Rxe4  Raf8  25. Rf1
 Qxh3  26. e6  Re7
 27. Rfe1  Qf5  28. R1e2
 Qd5  29. b3  Qd1+
 30. Re1  Qd5  31. Re5
 Qd6  32. Qe3  a6
 33. Qe4  Qd2  34. Re2
 Qd1+  35. Kg2  Qd6
 36. Qc4  c5  37. Rxc5
 Rd8  38. Rc6  Qd5+
 39. Qxd5  Rxd5  40. Rxa6
 g6  41. Rc6  Ra5
 42. a4  Kg7  43. Rd2
 Ra7  44. Rd8  Rb7
 45. Rd3  Kf6  46. Re3
 Ra7  47. Rf3+  Kg7
 48. Kf1  h5  49. Ke2
 Ra5  50. Rf7+  Rxf7
 51. exf7  Kxf7  52. Rxc7+
 Kf6  53. Rb7  Ra8
 54. Kf3  g5  55. Rb6+
 Kf7  56. Rb5  Kg6
 57. a5  Rf8+  58. Kg2
 h4  59. gxh4  gxh4
 60. a6   1-0

[Event "Skakligaen 2020-21"]
[Site "Denmark"]
[Date "2020.10.25"]
[Round "2.2"]
[White "Schandorff, Lars"]
[Black "Matthiesen, Martin"]
[Result "1/2-1/2"]
[WhiteElo "2466"]
[BlackElo "2301"]
[WhiteFideId "1400070"]
[BlackFideId "1404067"]
[EventDate "2020.10.25"]
[EventType "team-tourn"]
[EventRounds "9"]
[EventCountry "DEN"]
[WhiteTeam "Hillerod"]
[BlackTeam "SK1968"]
[WhiteTeamCountry "DEN"]
[BlackTeamCountry "DEN"]

1. d4  Nf6  2. c4  g6
 3. Nc3  Bg7  4. e4
 d6  5. Nf3  O-O 
6. Be2  e5  7. d5  a5
 8. Bg5  h6  9. Bh4
 Na6  10. Nd2  Qe8
 11. O-O  Nh7  12. a3
 Bd7  13. b3  h5 
14. f3  Bh6  15. Rb1  Be3+
 16. Kh1  Bc5  17. Qc1
 f5  18. exf5  gxf5
 19. Na2  Be3  20. Qc2
 c6  21. dxc6  bxc6
 22. b4  axb4  23. axb4
 Nc7  24. Nb3  Ne6
 25. Rbd1  Nd4  26. Nxd4
 Bxd4  27. Nc1  Qg6
 28. Nb3  c5  29. b5
 Ng5  30. Nxd4  cxd4
 31. c5  dxc5  32. Qxc5
 Nf7  33. Rd2  Rfc8
 34. Qe7  Rc7  35. Qb4
 Qd6  36. Qxd6  Nxd6
 37. b6  Rc6  38. f4
 Ne4  39. Rb2  Nc3
 40. fxe5  Nxe2  41. b7
 Rb8  42. Rxe2  Rxb7
 43. Rd2   1/2-1/2

[Event "Skakligaen 2020-21"]
[Site "Denmark"]
[Date "2020.10.25"]
[Round "2.3"]
[White "Bank, Pelle Rodkjaer"]
[Black "Percivaldi, Martin"]
[Result "1/2-1/2"]
[WhiteElo "2298"]
[BlackElo "2374"]
[WhiteFideId "1402889"]
[BlackFideId "1508148"]
[EventDate "2020.10.25"]
[EventType "team-tourn"]
[EventRounds "9"]
[EventCountry "DEN"]
[WhiteTeam "SK1968"]
[BlackTeam "Hillerod"]
[WhiteTeamCountry "DEN"]
[BlackTeamCountry "DEN"]

1. c4  e6  2. Nc3  f5
 3. g3  Nf6  4. Bg2
 c6  5. Nf3  d5 
6. O-O  Be7  7. d3  O-O
 8. Re1  Na6  9. Bf4
 d4  10. Nb1  Bd6
 11. e3  dxe3  12. Bxe3
 e5  13. a3  f4 
14. Bd2  Nc5  15. Bc3  e4
 16. dxe4  Ncxe4  17. Bd4
 Bg4  18. Nbd2  Nc5
 19. Qc2  fxg3  20. hxg3
 Ne6  21. Be5  Bxe5
 22. Rxe5 Nd4  23. Qc3  Nxf3+
 24. Nxf3  Qd7  25. Rae1
 Rae8  26. Rxe8  Rxe8
 27. Rxe8+  Qxe8  28. Ne5
 Be6  29. Qd4  a6
 30. b4  Nd7  31. c5
 Nxe5  32. Qxe5  Qd7
 33. Be4  g6  34. Kh2
 Bd5  35. Qb8+   1/2-1/2

[Event "Skakligaen 2020-21"]
[Site "Denmark"]
[Date "2020.10.25"]
[Round "2.4"]
[White "Borge, Nikolaj"]
[Black "Ramsdal, Jens Albert"]
[Result "1/2-1/2"]
[WhiteElo "2367"]
[BlackElo "2283"]
[WhiteFideId "1400312"]
[BlackFideId "1429221"]
[EventDate "2020.10.25"]
[EventType "team-tourn"]
[EventRounds "9"]
[EventCountry "DEN"]
[WhiteTeam "Hillerod"]
[BlackTeam "SK1968"]
[WhiteTeamCountry "DEN"]
[BlackTeamCountry "DEN"]

1. e4  c5  2. Nf3  d6
 3. d4  cxd4  4. Nxd4
 Nf6  5. Nc3  Nc6
 6. Bc4  Qb6  7. Nb3
 e6  8. Be3  Qc7 
9. Be2  a6  10. O-O  b5
 11. a3  Ne5  12. Qd4
 Bb7  13. a4  Nc6
 14. Qb6  Qxb6  15. Bxb6
 b4  16. Na2  Nxe4
 17. Na5  Nxa5  18. Bxa5
 b3  19. cxb3  d5
 20. Rac1  Bd6  21. Bb6
 Ke7  22. f3  Nf6
 23. b4  Rhc8  24. b5
 Nd7  25. Bf2  axb5
 26. Bxb5  Nc5  27. b4
 Nxa4  28. Rxc8  Bxc8
 29. Bc6  Ra6  30. Bb5
 Ra8  31. Bc6  Ra6
 32. Bb5  Ra8   1/2-1/2

[Event "Skakligaen 2020-21"]
[Site "Denmark"]
[Date "2020.10.25"]
[Round "2.5"]
[White "Matthiesen, Arne"]
[Black "Pedersen, Steffen"]
[Result "1/2-1/2"]
[WhiteElo "2303"]
[BlackElo "2328"]
[WhiteFideId "1403524"]
[BlackFideId "1401491"]
[EventDate "2020.10.25"]
[EventType "team-tourn"]
[EventRounds "9"]
[EventCountry "DEN"]
[WhiteTeam "SK1968"]
[BlackTeam "Hillerod"]
[WhiteTeamCountry "DEN"]
[BlackTeamCountry "DEN"]

1. c4  e6  2. d4  d5
 3. Nf3  Nf6  4. g3
 dxc4  5. Bg2  c5
 6. O-O  Nc6  7. Ne5
 Bd7  8. Na3  cxd4
 9. Naxc4  Rc8  10. Qb3
 Nxe5   1/2-1/2

[Event "Skakligaen 2020-21"]
[Site "Denmark"]
[Date "2020.10.25"]
[Round "2.6"]
[White "Jaksland, Tim"]
[Black "Hansen, Lars"]
[Result "0-1"]
[WhiteElo "2247"]
[BlackElo "2217"]
[WhiteFideId "1401084"]
[BlackFideId "1402528"]
[EventDate "2020.10.25"]
[EventType "team-tourn"]
[EventRounds "9"]
[EventCountry "DEN"]
[WhiteTeam "Hillerod"]
[BlackTeam "SK1968"]
[WhiteTeamCountry "DEN"]
[BlackTeamCountry "DEN"]

1. e4  c5  2. Nf3  d6
 3. Bb5+  Nd7  4. Ba4
 Ngf6  5. O-O  e6
 6. c4  Nxe4  7. Re1
 Nef6  8. d4  cxd4
 9. Nxd4  Be7  10. Nc3
 O-O  11. Bg5  a6
 12. Qe2  Ne5  13. Rad1
 Qc7  14. Bb3  Ng6
 15. Bc2  Qc5  16. Bxf6
 gxf6  17. Ne4  Qe5
 18. b3  Rd8  19. g3
 f5  20. Nf3  Qg7
 21. Ned2  Bd7  22. Nf1
 Bc6  23. Qe3  Bf6
 24. Nd4  f4  25. Qd2
 Bxd4  26. Qxd4  Ne5
 27. Be4  Qg4  28. Nd2
 f3  29. Nf1  Qh3
 30. Ne3  f5  31. Bxc6
 Ng4  32. Qxg4+  fxg4
 33. Bxb7  Ra7  34. Be4
 Rc7  35. Rd4  Rc5
 36. Bxf3  gxf3  37. Rh4
 Qxh4  38. gxh4  Kf7
 39. h3 Ra5  40. a4  Rb8
 41. Rd1  Rxb3  42. Rxd6
 Rxa4  43. Kh2  Ke7
 44. Rc6  Kd7  45. Rc5
 Kd6  46. Rh5  Rb7
 47. Kg3  Rf7  48. Rg5
 Ra1  49. Kh2  a5
 50. c5+  Kc7  51. Re5
 Rc1  52. Kg3  Kc6
 53. Rxe6+  Kxc5  54. Ra6
 Kb5  55. Ra8  Rg1+
 56. Kh2  Rg6  57. h5
 Ra6  58. Rb8+  Rb6
 59. Ra8  a4  60. Nd5
 Rc6  61. Rb8+  Kc5
 62. Nc3  Ra6  63. Rc8+
 Kb4  64. Nd5+  Kb3
 65. Rb8+  Kc4  66. Ne3+
 Kd3  67. Nd5  Ra5
 68. Nb4+  Kc3  69. Na2+
 Kc4  70. Rc8+  Rc5
 71. Rb8  Rb5  72. Rc8+
 Kb3  73. Nc1+  Kb2
 74. Nd3+  Ka3  75. h6
 Rg5  76. Rc3+  Ka2
 77. Rc2+  Kb3  78. Rc1
 a3  79. Nc5+  Rxc5
 80. Rxc5  Ra7   0-1

[Event "Skakligaen 2020-21"]
[Site "Denmark"]
[Date "2020.10.25"]
[Round "2.7"]
[White "Rewitz, Poul"]
[Black "Ostergaard, Jens"]
[Result "1/2-1/2"]
[WhiteElo "2222"]
[BlackElo "2236"]
[WhiteFideId "1401033"]
[BlackFideId "1400606"]
[EventDate "2020.10.25"]
[EventType "team-tourn"]
[EventRounds "9"]
[EventCountry "DEN"]
[WhiteTeam "SK1968"]
[BlackTeam "Hillerod"]
[WhiteTeamCountry "DEN"]
[BlackTeamCountry "DEN"]

1. c4  Nf6  2. Nc3  g6
 3. e4  d6  4. d4
 Bg7  5. Nge2  O-O
 6. Ng3  e5  7. d5
 a5  8. h4  h5 
9. Bg5  Qe8  10. Be2  Na6
 11. a4  Bd7  12. Ra3
 Nc5  13. Bxf6  Bxf6
 14. Nb5  Qe7  15. Bxh5
 Bxh4  16. Bg4  Kg7
 17. Bxd7  Bxg3  18. Nxc7
 Rh8  19. Rh3  Rxh3
 20. gxh3  Rh8  21. Ne8+
 Kf8  22. Bb5  Bf4
 23. Qg4  Qd8  24. Rf3
 Nxe4  25. c5  Rh4
 26. Qd7  Qxd7  27. Bxd7
 Nxc5  28. Bb5  Ke7
 29. Rc3  e4  30. Kf1
 Be5  31. Rc4  Bxb2
 32. Kg2  Rh5  33. Nc7
 Be5  34. Na8  Rg5+
 35. Kf1  Rf5  36. Ke2
 Rh5  37. Nb6  Rxh3
 38. Rc2  Bd4  39. Nc8+
 Kf8  40. Nxd6  Rh2
 41. Nxe4  Nxe4  42. Kd3
 Bc5  43. Kxe4  b6
 44. Kf3  Ke7  45. Re2+
 Kd6  46. Bc6  Rh5
 47. Kg4  Rf5  48. f4
 Rh5  49. Re8  Rh2
 50. Kg5  Rh5+  51. Kg4
 Rh2  52. Kg5  Rh5+
 53. Kg4   1/2-1/2

[Event "Skakligaen 2020-21"]
[Site "Denmark"]
[Date "2020.10.25"]
[Round "2.1"]
[White "Skytte, Rasmus"]
[Black "Berkes, Ferenc"]
[Result "0-1"]
[WhiteElo "2381"]
[BlackElo "2665"]
[WhiteFideId "1404210"]
[BlackFideId "718572"]
[EventDate "2020.10.25"]
[EventType "team-tourn"]
[EventRounds "9"]
[EventCountry "DEN"]
[WhiteTeam "AarhusSkolerne"]
[BlackTeam "Koge"]
[WhiteTeamCountry "DEN"]
[BlackTeamCountry "DEN"]

1. e4  c6  2. Nf3  d5
 3. Nc3  Bg4  4. h3
 Bxf3  5. Qxf3  e6
 6. Be2  Bc5  7. O-O
 Nd7  8. d3  Ne7 
9. Qg3  O-O  10. Kh1  Kh8
 11. h4  Bd4  12. f4
 f5  13. e5  Ng8 
14. Bf3  Nh6  15. Ne2  Bc5
 16. Bd2  a5  17. Ng1
 d4  18. Nh3  Nb6
 19. Ng5  Qd7  20. Be1
 Nd5  21. Bf2  b6
 22. a3  a4  23. Qh2
 Ng4  24. Bxg4  fxg4
 25. g3  Ne7  26. Qg2
 Nf5  27. Kh2  Be7
 28. Ne4  b5  29. Bg1
 c5  30. Qe2  h5 
31. c3  dxc3  32. bxc3  Qc6
 33. d4  cxd4  34. cxd4
 Rfc8  35. Ra2  Qc4
 36. Qxc4  Rxc4  37. Rb1
 Rac8  38. Rxb5  Rc2+
 39. Rxc2  Rxc2+  40. Bf2
 Re2  41. Rb6  Nxd4
 42. Rb8+  Kh7  43. Re8
 Nf5  44. Rxe7  Nxe7
 45. Ng5+  Kg6   0-1

[Event "Skakligaen 2020-21"]
[Site "Denmark"]
[Date "2020.10.25"]
[Round "2.2"]
[White "Banusz, Tamas"]
[Black "Sorensen, Jan"]
[Result "1-0"]
[WhiteElo "2628"]
[BlackElo "2376"]
[WhiteFideId "722413"]
[BlackFideId "1400150"]
[EventDate "2020.10.25"]
[EventType "team-tourn"]
[EventRounds "9"]
[EventCountry "DEN"]
[WhiteTeam "Koge"]
[BlackTeam "AarhusSkolerne"]
[WhiteTeamCountry "DEN"]
[BlackTeamCountry "DEN"]

1. d4  Nf6  2. Nf3  c5
 3. d5  b5  4. c3
 Qb6  5. a4  b4 
6. c4  d6  7. Qc2  g6
 8. Nbd2  Bg7  9. g3
 O-O  10. Bg2  a5
 11. O-O  Ra7  12. e4
 e6  13. Rd1  Re7
 14. Ne1  Rfe8  15. dxe6
 Bxe6  16. Nb3  Qa6
 17. Bf4  Rd7  18. Rac1
 Nh5  19. Be3  f5
 20. Nf3  Nf6  21. Ng5
 Nxe4  22. Nxe4  fxe4
 23. Bxe4  Nc6  24. f4
 Ne7  25. Bf2  Qb6
 26. Rd2  Qd8  27. Re1
 Kh8  28. Rde2  Bf7
 29. Nd2  Ng8  30. Bf3
 Rde7  31. Ne4  Nf6
 32. Ng5  Bg8  33. Rxe7
 Rxe7  34. Rd1  Qc7
 35. b3  Re8  36. h4
 Rd8  37. Re1  Qd7
 38. Qd1  Re8  39. Rxe8
 Nxe8  40. Bxc5  h6
 41. Ne4  d5  42. cxd5
 Bxd5  43. Nf2  Nf6
 44. Bxd5  Nxd5  45. Bd4
 Qc6  46. Bxg7+  Kxg7
 47. Qd4+  Kg8  48. Ng4
 Kf8  49. Nf2  Nc3
 50. Qd8+  Kf7  51. Nd3
 Ke6  52. Qxa5  Qf3
 53. Qb6+  Kf5  54. Qxg6+
 Kxg6  55. Ne5+  Kf5
 56. Nxf3  Ke4  57. a5
 Kd5  1-0

[Event "Skakligaen 2020-21"]
[Site "Denmark"]
[Date "2020.10.25"]
[Round "2.3"]
[White "Vinther Schou, Uffe"]
[Black "Thybo, Jesper Sondergaard"]
[Result "0-1"]
[WhiteElo "2323"]
[BlackElo "2573"]
[WhiteFideId "1400568"]
[BlackFideId "1438832"]
[EventDate "2020.10.25"]
[EventType "team-tourn"]
[EventRounds "9"]
[EventCountry "DEN"]
[WhiteTeam "AarhusSkolerne"]
[BlackTeam "Koge"]
[WhiteTeamCountry "DEN"]
[BlackTeamCountry "DEN"]

1. e4  c5  2. Nf3  d6
 3. Bb5+  Nd7  4. Ba4
 Ngf6  5. O-O  a6
 6. c4  e6  7. Nc3
 Be7  8. Qe2  O-O
 9. a3  Qc7  10. Rb1
 b6  11. d3  Bb7 
12. h3  h6  13. Bf4  Rfd8
 14. Rfc1  Nf8  15. b4
 Ng6  16. Bh2  Nd7
 17. Bxd7  Rxd7  18. bxc5
 bxc5  19. Na4  Rb8
 20. Qe1  Rdd8  21. Rc2
 Bf6  22. Qc1  Qa5
 23. Nc3  Bc6  24. Rxb8
 Rxb8  25. Bxd6  Rd8
 26. e5  Bxf3  27. exf6
 Rxd6  28. gxf3  Rxd3
 29. Ne4  Rxa3  30. Rb2
 Ra1  31. Rb1  Rxb1
 32. Qxb1  Qc7  33. Qa1
 Qf4  34. fxg7  Ne5
 35. Ng3  Nxf3+  36. Kh1
 Nh4  37. Kg1  Qf3
 38. Kf1  Nf5   0-1

[Event "Skakligaen 2020-21"]
[Site "Denmark"]
[Date "2020.10.25"]
[Round "2.4"]
[White "Rozentalis, Eduardas"]
[Black "Boe, Mads"]
[Result "1-0"]
[WhiteElo "2538"]
[BlackElo "2262"]
[WhiteFideId "12800023"]
[BlackFideId "1401408"]
[EventDate "2020.10.25"]
[EventType "team-tourn"]
[EventRounds "9"]
[EventCountry "DEN"]
[WhiteTeam "Koge"]
[BlackTeam "AarhusSkolerne"]
[WhiteTeamCountry "DEN"]
[BlackTeamCountry "DEN"]

1. e4  c6  2. Nc3  d5
 3. Nf3  Bg4  4. h3
 Bxf3  5. Qxf3  e6
 6. d3  Nf6  7. Be2
 Bd6  8. O-O  Nbd7
 9. h4  h5  10. Qh3
 dxe4  11. Nxe4  Nxe4
 12. dxe4  Qc7  13. Bg5
 Bf4  14. Rad1  Bxg5
 15. hxg5  g6  16. Qe3
 a6  17. b4  O-O-O
 18. a4  Nb8  19. b5
 axb5  20. axb5  Rxd1
 21. Rxd1  Rd8  22. Rb1
 cxb5  23. Rxb5  Nc6
 24. c3  Qd6  25. Rb1
 Rd7  26. Bb5  Rc7
 27. Ra1  Nb8  28. c4
 Qe5  29. Ra8  Qc5
 30. Qc3  Qf8  31. Qd4
 Qg8  32. Qa7   1-0

[Event "Skakligaen 2020-21"]
[Site "Denmark"]
[Date "2020.10.25"]
[Round "2.5"]
[White "Sobjerg, Erik"]
[Black "Danielsen, Henrik"]
[Result "0-1"]
[WhiteElo "2253"]
[BlackElo "2514"]
[WhiteFideId "1401866"]
[BlackFideId "1400185"]
[EventDate "2020.10.25"]
[EventType "team-tourn"]
[EventRounds "9"]
[EventCountry "DEN"]
[WhiteTeam "AarhusSkolerne"]
[BlackTeam "Koge"]
[WhiteTeamCountry "DEN"]
[BlackTeamCountry "DEN"]

1. e4  d6  2. Nc3  Nf6
 3. d4  e5  4. Nf3
 Nbd7  5. Bc4  Be7
 6. a4  O-O  7. O-O
 exd4  8. Qxd4  Nc5
 9. h3  Be6  10. Rd1
 a5  11. Be3  Nfd7
 12. Bxe6  fxe6  13. Qc4
 c6  14. e5  d5 
15. Qg4  Qe8  16. Ne2  Qf7
 17. Nf4  Rae8  18. Nh5
 Kh8  19. Rd4  g6
 20. Nf6  Bxf6  21. exf6
 e5  22. Ng5  Qxf6
 23. Qh4  Qe7  24. Re1
 Ne6  25. Rg4  Rf5
 26. Qg3  Nf6  27. Nf3
 Ne4  28. Qh2  Qf6
 29. Nh4  Rh5   0-1